[Event "VIE-chT (Women)"]
[Site "Hanoi"]
[Date "2023.04.20"]
[Round "4"]
[White "Dao, Vu Minh Chau"]
[Black "Nguyen, Thi Quynh Hoa"]
[Result "1-0"]
[WhiteElo "1973"]
[BlackElo "1035"]
[PlyCount "83"]
[EventDate "2023.04.18"]
[EventType "swiss"]
[EventRounds "9"]
[EventCountry "VIE"]
[SourceTitle "EXT 2024"]
[Source "ChessBase"]
[SourceDate "2023.10.10"]
[SourceVersion "1"]
[SourceVersionDate "2023.10.10"]
[SourceQuality "1"]

1. Nf3 Nf6 2. d4 d5 3. g3 g6 4. Bg2 Bg7 5. 0-0 0-0 6. c4 e6 7. Nc3 b6 8. Qb3 Bb7 9. Bf4 a6 10. c5 b5 11. a4 c6 12. Bd6 Re8 13. Ne5 Nfd7 14. e4 Nxe5 15. dxe5 Nd7 16. f4 h6 17. Ne2 g5 18. Nd4 gxf4 19. gxf4 Kh8 20. exd5 exd5 21. Nf5 Nf8 22. h4 Ne6 23. Qf3 Qa5 24. Qh5 Kh7 25. Qxf7 bxa4 26. Qxb7 Qb5 27. Qf7 Qxb2 28. Bh3 Qe2 29. Rf2 Qe4 30. Ne7 Nd4 31. Bf5+ Nxf5 32. Qg6+ Kh8 33. Qxf5 Qd4 34. Raa2 Qd1+ 35. Kh2 Ra7 36. Qf7 Rea8 37. Rg2 Rxe7 38. Bxe7 Rg8 39. Bf6 Qg4 40. Rxg4 Kh7 41. Bxg7 Rxg7 42. Qxg7# 1-0

[Event "VIE-chT (Women)"]
[Site "Hanoi"]
[Date "2023.04.20"]
[Round "5"]
[White "Nguyen, Ngoc Hien1111"]
[Black "Dao, Vu Minh Chau"]
[Result "1-0"]
[WhiteElo "1686"]
[BlackElo "1973"]
[PlyCount "57"]
[EventDate "2023.04.18"]
[EventType "swiss"]
[EventRounds "9"]
[EventCountry "VIE"]
[SourceTitle "EXT 2024"]
[Source "ChessBase"]
[SourceDate "2023.10.10"]
[SourceVersion "1"]
[SourceVersionDate "2023.10.10"]
[SourceQuality "1"]

1. d4 d5 2. Nf3 Nf6 3. e3 e6 4. Bd3 Bd6 5. Nbd2 b6 6. e4 dxe4 7. Nxe4 Bb7 8. Nxd6+ cxd6 9. 0-0 0-0 10. Bf4 Nbd7 11. Bxd6 Re8 12. Re1 Rc8 13. c3 Rc6 14. Bf4 Nd5 15. Bg5 f6 16. Bh4 Nf4 17. Be4 Rc7 18. Bg3 e5 19. dxe5 fxe5 20. Bxb7 Rxb7 21. Bxf4 Nf6 22. Bxe5 Rd7 23. Qb3+ Kh8 24. Ng5 Qe7 25. h3 Qf8 26. Bd4 Rde7 27. Rxe7 Rxe7 28. Qc2 Qg8 29. Qd2 1-0